Hispanoamérica del dolor y otros estudios
שמור ב:
| מחבר ראשי: | |
|---|---|
| פורמט: | ספר |
| שפה: | ספרדית |
| יצא לאור: |
Madrid, España
Eds. de Cultura Hispánica del Centro Iberoamericano de Cooperación
1979
|
| נושאים: | |
| תגים: |
הוספת תג
אין תגיות, היה/י הראשונ/ה לתייג את הרשומה!
|
MARC
| LEADER | 00000nam a2200000 a 4500 | ||
|---|---|---|---|
| 001 | UCX7904 | ||
| 003 | CL-VaPUC | ||
| 005 | 20231215105920.0 | ||
| 008 | 940112e19790000SP |||||||||||||||||spa|d | ||
| 999 | |c 227580 |d 227578 | ||
| 040 | |c Pontificia Universidad Católica de Valparaíso | ||
| 082 | 0 | 4 | |a 983 EYZ 1979 |2 21 |
| 100 | |a Eyzaguirre Gutiérrez, Jaime |e autor |9 584583 | ||
| 245 | 1 | 0 | |a Hispanoamérica del dolor y otros estudios |
| 260 | |a Madrid, España |b Eds. de Cultura Hispánica del Centro Iberoamericano de Cooperación |c 1979 | ||
| 300 | |a 436 páginas | ||
| 583 | |a last modification |c 19940112 00:00:00 |k Rodrigo Vera | ||
| 650 | 0 | |a Historia |9 255047 | |
| 651 | 0 | |a América Latina |z CHILE |9 255027 | |
| 852 | |a BIBCUR | ||
| 942 | |c BK |2 ddc | ||
| 945 | |d 19940112 00:00:00 |a aalvarez | ||
| 952 | |0 0 |1 0 |2 ddc |4 0 |6 983_000000000000000_EYZ_1979 |7 0 |8 A |9 226696 |a BIBHIS |b BIBHIS |d 2019-11-15 |i 2958384 |o 983 EYZ 1979 |p 2958384 |r 2025-01-20 |t 2 |w 2019-11-15 |y BK |k HIS | ||
| 952 | |0 0 |1 0 |2 ddc |4 0 |6 983_000000000000000_EYZ_1979 |7 0 |8 DER_HDC |9 226697 |a BIBDER |b BIBDER |d 2019-11-15 |i 1887890 |l 2 |o 983 EYZ 1979 |p 1887890 |r 2024-07-04 |s 2024-06-28 |t 1 |w 2019-11-15 |x Ubicación 4to Piso |y BK |z Estos recursos deben solicitarse con anticipación |k DER | ||